Que levante la mano quien crea en la telequinesis___ : ___y otros mandamientos para corromper a la juventud /

Compilación de nueve discursos pronunciados a lo largo de los años por Kurt Vonnegut Jr., siete de ellos dirigidos a estudiantes universitarios el día de su graduación.

Salvato in:
Dettagli Bibliografici
Autore principale: Vonnegut, Kurt (autor)
Altri autori: Wakefield, Dan (selección e introducción) (selección e introducción)
Natura: Libro
Lingua:spagnolo
Pubblicazione: Barcelona, España : Malpaso, 2014, c2014
Soggetti:
Tags: Aggiungi Tag
Nessun Tag, puoi essere il primo ad aggiungerne!!

MARC

LEADER 00000nam^a2200000^a^4500
001 000378703
005 20250521000000.0
009 20260310120504.261
020 |a 978-84-15996-55-2 
037 |a Acervo ITESO - Biblioteca 
041 |a ESP 
082 |a 815.  |b VON 
100 |a Vonnegut, Kurt  |e (autor) 
245 1 0 |a Que levante la mano quien crea en la telequinesis___ :  |b ___y otros mandamientos para corromper a la juventud /  |c K. Vonnegut ; selec. e introd. de D. Wakefield ; tr. por Ramón de España. 
264 4 |a Barcelona, España :  |b Malpaso,  |c 2014, c2014 
300 |a 118 p. 
336 |a texto  |b txt  |2 rdacontenido 
337 |a sin mediación  |b n  |2 rdamedio 
338 |a volumen  |b nc  |2 rdasoporte 
500 |a Traducción de: If This Isn't Nice, What Is? Advice to the Young 
520 |a Compilación de nueve discursos pronunciados a lo largo de los años por Kurt Vonnegut Jr., siete de ellos dirigidos a estudiantes universitarios el día de su graduación. 
545 0 |a Kurt Vonnegut Jr. (1922- 2007), escritor estadounidense de ciencia-ficción en cuyas obras están presentes la sátira y la comedia negra. Fuerte crítico de la sociedad y la cultura norteamericana contemporáneas, en particular de la guerra, la destrucción del medio ambiente y la deshumanización, manifiesta en su narrativa la influencia de sus experiencias como soldado y como prisionero durante la Segunda Guerra Mundial, con un estilo sencillo, sin adornos. Entre sus novelas destacan La pianola; Cuna de gato; Las sirenas de Titán; Madre noche; Matadero cinco o la cruzada de los inocentes; El desayuno de los campeones; Pájaro de celda; Barbazul y Timequake. 
649 |a XX 
650 |a Escritores Norteamericanos -  |x Discursos 
650 |a Cubismo -  |x Historia y Crítica 
650 |a Arte Moderno (Vanguardias) -  |x Historia y Crítica 
650 |a Música y Sociedad 
650 |a Derechos Civiles -  |z EUA 
650 |a Inserción y Reinserción Laboral -  |z EUA 
650 |a Graduaciones -  |z EUA 
650 |a Educación Superior -  |z EUA 
650 |a Discursos (Oratoria) 
650 |a Oratoria -  |z EUA 
650 |a Literatura Norteamericana -  |y Siglo XX 
650 |a Literatura Norteamericana -  |y Siglo XXI 
650 |a Jefferson, Thomas 
700 |a Wakefield, Dan  |e (selección e introducción) 
910 |a Fondo General 
920 |a Impresos - Libros 
930 |a Colección General 
940 |a Literatura 
905 |a 101 
901 |a 0500272895  |b IT1  |c LIT  |i C151730  |u 20250521 
902 |a https://opac.biblio.iteso.mx/vufind/Record/000378703